| 000 | 00654nam a2200205 a 4500 | ||
|---|---|---|---|
| 003 | PILC | ||
| 005 | 20160226082645.0 | ||
| 008 | 120910s19uu xx 00 eng d | ||
| 020 | _a8171417205 | ||
| 050 |
_aG 155.A1 _b.T727 2010 |
||
| 245 |
_aTourism and hospitality in 21st century / _ceditors, Mukesh Ranga & Ashish Chandra. |
||
| 260 |
_aNew Delhi, India : _bDiscovery Publishing House, _c2010. |
||
| 300 |
_a399 pages : _c22 cm. _billustrations ; |
||
| 500 | _aIncludes bibliographic references. | ||
| 650 |
_aHospitality industry _xIndia. |
||
| 650 |
_aTourism _xIndia. |
||
| 700 | _aChandra, Ashish. | ||
| 942 |
_cBK _2lcc _kFOR |
||
| 999 |
_c25511 _d25511 |
||